000 00585nam a22002177a 4500
003 OSt
005 20170203150049.0
008 170203b xxu||||| |||| 00| 0 eng d
020 _a9780230594593
040 _cDDC
082 _a150.72 BRA 2009
100 _aBrace, Nicola; Kemp, Richard; Snelgar, Rosemary
_911495
245 _aSPSS For Pyschologists
250 _a4th ed.
260 _aUK; Palgrave, 2009
300 _axi,454p; col.ill: 25cm
504 _aGlossary, appendices, & index included
650 _aPsychology
_931
650 _aResearch
_93727
942 _2z
_cO_SHELF
999 _c5509
_d5509